Datum a čas kvízu
34.5
Celkem bodů
Celkový počet nahraných bodů na tomto kvízu bez doplňovacích otázek.
1.
Pořadí na kvízu
Konečné umístění týmu na tomto kvízu.
Zaznamenané odpovědi
| # | Otázka | Odpověď | Body | Výsledky |
|---|---|---|---|---|
| 1. | Minulý týden zastupitelé města... | Stanice nedodala požadované podklady o hospodaření. | 0 | |
| 2. | Astronautům vracejícím se v mo... | Porouchaný záchod. | 1 | |
| 3. | Česká televize představila let... | B | 1 | |
| 4. | Čtyřiatřicetiletý tchajwanský... | na PornHubu | 1 | |
| 5. | Mezinárodní unie moderního pět... | parkur/jezdectví | 1 | |
| 6. | Podíváme se mezi lékaře, kteří... | Sám sobě vyoperoval slepé střevo (a přežil). | 1 | |
| 7. | Tento český kardiochirurg dosá... | Jan Pirk | 0 | |
| 8. | Jednou z postav seriálu Futura... | Zoidberg | 1 | |
| 9. | Další z mnoha veřejně známých... | A) plastická chirurgie | 1 | |
| 10. | Chirurga Benjamina Franklina „... | Woody Allen | 1 |